Transformadores: cálculo fácil de transformadores y autotransformadores, monofásico y trifásicos de baja tensión (Registro nro. 11514)
[ vista simple ]
| 000 -CABECERA | |
|---|---|
| campo de control de longitud fija | 01114nam a22003257a 4500 |
| 005 - FECHA Y HORA DE ACTUALIZACIÓN | |
| campo de control | 20220209084823.0 |
| 008 - LONGITUD FIJA | |
| campo de control de longitud fija | 190114b xxu||||| |||| 00| 0 spa d |
| 020 ## - INTERNATIONAL STANDARD BOOK NUMBER | |
| Número Internacional Estándar del Libro | 9786077686415 |
| 041 ## - IDIOMA | |
| Código de idioma del texto/pista de sonido o título separado | |
| 082 ## - CLASIFICACIÓN DECIMAL DEWEY | |
| Número de clasificación | 621.314 A473t |
| 100 ## - AUTOR PERSONAL | |
| Nombre de persona | Álvarez Pulido, Manuel |
| 245 ## - TÍTULO PROPIAMENTE DICHO | |
| Título | Transformadores: cálculo fácil de transformadores y autotransformadores, monofásico y trifásicos de baja tensión |
| 260 ## - PIE DE IMPRENTA | |
| Lugar de publicación, distribución, etc. | México |
| 260 ## - PIE DE IMPRENTA | |
| Nombre del editor, distribuidor, etc. | Alfaomega |
| 260 ## - PIE DE IMPRENTA | |
| Fecha de publicación, distribución, etc. | 2018 |
| 300 ## - DESCRIPCIÓN FÍSICA | |
| Extensión | 236 páginas |
| 650 ## - Materia General | |
| Materia general | TRANSFORMADORES |
| 650 ## - Materia General | |
| Materia general | CAPAS MAGNÉTICAS |
| 650 ## - Materia General | |
| Materia general | CARRETES DE PLÁSTICO |
| 650 ## - Materia General | |
| Materia general | TRANSFORMADORES MONOFÁSICOS |
| 650 ## - Materia General | |
| Materia general | TRANSFORMADORES CON DEVANADOS MÚLTIPLES |
| 650 ## - Materia General | |
| Materia general | ACOPLAMIENTO |
| 650 ## - Materia General | |
| Materia general | TRANSFORMADORES DE INTENSIDAD |
| 650 ## - Materia General | |
| Materia general | TRANSFORMADORES DE ALTA TENSIÓN |
| 650 ## - Materia General | |
| Materia general | TRANSFORMADORES DE ALTA TENSIÓN |
| 650 ## - Materia General | |
| Materia general | TRANSFORMADOR TRIFÁSICO |
| 650 ## - Materia General | |
| Materia general | AUTOTRANSFORMADORES MONOFÁSICOS |
| 650 ## - Materia General | |
| Materia general | TIPOS DE TRANFORMADORES |
| 942 ## - Punto de Acceso Adicional Koha | |
| Tipo de ítem Koha | Libro |
| Estado perdido | Estado dañado | No para préstamo | Biblioteca permanente | Biblioteca actual | Signatura completa | Código de barras | Precio efectivo a partir del | Tipo de ítem |
|---|---|---|---|---|---|---|---|---|
| Departamento de Biblioteca y Documentación Alfonso Chase Brenes | Departamento de Biblioteca y Documentación Alfonso Chase Brenes | 621.314 A473t | 23841 | 14/01/2019 | Libro |